| 000 | 01881nam a2200301 a 4500 | ||
|---|---|---|---|
| 001 | BRCA_2825 | ||
| 005 | 20190320204003.0 | ||
| 008 | 091208s1915----sp-a---###---#000-0dspa-u | ||
| 041 | _aspa | ||
| 044 | _asp | ||
| 084 |
_a261 _b.S67 _c1915 |
||
| 100 | 1 |
_aCervantes Saavedra, Miguel de _d1547-1616 _9213 |
|
| 245 | 1 | 0 |
_aEl Ingenioso Hidalgo Don Quijote de la Mancha _cMiguel de Cervantes de Saavedra. |
| 260 |
_aBarcelona _bRamón Sopena _c1915 |
||
| 300 |
_a892 p. _bil. _c18 cm. |
||
| 500 | _aContenido : Primera parte. Vida y obra de Cervantes por A. Herrero M. Aprobaciones y licencias de la edición príncipe. Dedicatoria del autor. Prólogo del autor. Versos preliminares. Texto. Segunda parte. Tasa. Privilegio. Dedicatoria del autor. Prólogo del autor. Texto | ||
| 500 | _aContiene esta edición: Noticia sobre la vida y obra de Cervantes por A. Herrero Miguel, curiosa iniciación bibliográfica y preliminares de la edición príncipe. Tanto la Vida y obras de Cervantes, como la Iniciación bibliografica, merecen alabanza por el caudal de noticias que encierran, si bien no aportan nada nuevo. La parte tipográfica es aceptable, papel fino. Las láminas y grabados, son expresivos y ben ejecutados. Cubierta adornada con un retrato de Cervantes y un motivo quijotil de varios colores Lúdovik Osterc | ||
| 500 | _aEstado físico : Anotaciones con pluma en la portada | ||
| 500 | _aLa biblioteca cuenta con un 2do. ejemplar donado por el Dr. Héctor Rivero Borrell Vázquez (No. de sistema 2024) | ||
| 500 | _aQMB61 | ||
| 650 | 1 | 4 |
_aNovela española _yÉpoca clásica, 1500-1700 _9215 |
| 650 | 1 | 4 |
_aLiteratura española _yÉpoca clásica, 1500-1700 _9216 |
| 650 | 1 | 4 |
_aNovela española _ySiglo XVII _9217 |
| 650 | 1 | 4 |
_aDon Quijote (Personaje ficticio) _eNovela _9218 |
| 740 | 0 | _aEl Ingenioso Hidalgo Don Quijote de la Mancha | |
| 902 | _aQFM | ||
| 942 |
_2lcc _cB |
||
| 999 |
_c2565 _d2565 |
||